000
00316nam a2200121Ia 4500
008
220217s9999||||xx |||||||||||||| ||und||
082
_a
621.381
100
_a
Pooja publications
245
0
_a
Integreted circuits-II: lab manual
260
_a
Pooja publications
_b
Bangalore
300
_b
25
650
_a
CIRCUITRY
999
_c
166428
_d
166428